000 00312nam a2200133Ia 4500
008 150301s2010 xx 000 0 und d
082 _a641.5
_bCHA
100 _aCHAKRAVARTI, B.K
245 _aMODERN PROFESSIONAL COOKERY
250 _a1ST
260 _bAMAN PUB. DELHI
_c2010
300 _a342
942 _2ddc
_cBK
999 _c7000
_d7000